| Tag |
First Indicator |
Second Indicator |
Subfields |
| LEADER |
00000cam a2200000 4500 |
| 001 |
in00000028325 |
| 005 |
20151007061408.0 |
| 008 |
740404s1951 enkacg b 00000 eng u |
| 010 |
|
|
|a 51013449
|
| 035 |
|
|
|a (OCoLC)00848862
|
| 035 |
|
|
|9 AAD1967AM
|
| 040 |
|
|
|c OUN
|d TXA
|d UtOrBLW
|
| 049 |
|
|
|a TXAM
|c [201416]
|
| 050 |
0 |
0 |
|a ML270.4
|b .C7
|
| 092 |
|
|
|a 780.944
|b C777f
|
| 100 |
1 |
|
|a Cooper, Martin,
|d 1910-1986.
|
| 245 |
1 |
0 |
|a French music :
|b from the death of Berlioz to the death of Faure.
|
| 264 |
|
1 |
|a London,
|a New York :
|b Oxford University Press,
|c 1951.
|
| 300 |
|
|
|a viii, 239 pages :
|b illustrations, portraits, music. ;
|c 22 cm.
|
| 336 |
|
|
|a text
|b txt
|2 rdacontent
|
| 337 |
|
|
|a unmediated
|b n
|2 rdamedia
|
| 338 |
|
|
|a volume
|b nc
|2 rdacarrier
|
| 504 |
|
|
|a Bibliography: pages [217]-219.
|
| 650 |
|
0 |
|a Music
|z France
|x History and criticism.
|
| 999 |
|
|
|a MARS
|
| 999 |
f |
f |
|s 18760b30-14b3-35b5-9cad-580dc89308d6
|i aab87d2e-44ff-3936-ae69-b4aeacec2639
|t 0
|
| 952 |
f |
f |
|p ric
|a Texas A&M University
|b Rellis Campus
|c Joint Library Facility
|d Remote Storage
|t 0
|e ML270.4 .C7
|h Library of Congress classification
|i unmediated -- volume
|m A14801168874
|
| 998 |
f |
f |
|a ML270.4 .C7
|t 0
|l Remote Storage
|